Ideación : cómo lograr que las ideas germinen y fluyan en su entorno de trabajo /

Contenido: 1. ¿Qué es la ideación?; 2. ¿Cómo puedo llegar a ser "ideista"?: Ayude a las personas a tener un concepto mejor de ellos mismo; Ayude a crear un entorno divertido; 3. Dieciséis estrategias que, a nivel personal, usted puede simplificar: Siga la regla de oro; Interésese, mime a las persona...

Celý popis

Uloženo v:
Podrobná bibliografie
Hlavní autor: Foster, Jack (autor)
Médium: Kniha
Jazyk:španělština
Vydáno: Madrid, España : San Francisco, EUA : Centro de Estudios Ramón Areces ; Berrett-Koehler, 2001, c2001
Edice:(Club de Gestión)
Témata:
Tagy: Přidat tag
Žádné tagy, Buďte první, kdo vytvoří štítek k tomuto záznamu!

MARC

LEADER 00000nam^a2200000^a^4500
001 000177770
005 20250521000000.0
009 20260310101725.326
020 |a 84-8004-566-3 
037 |a Acervo ITESO - Biblioteca 
041 |a ESP 
082 |a 658. 4063  |b FOS 
100 |a Foster, Jack  |e (autor) 
245 1 0 |a Ideación :  |b cómo lograr que las ideas germinen y fluyan en su entorno de trabajo /  |c J. Foster; tr. por Laura C. Pérez de León. 
264 4 |a Madrid, España :  |b Centro de Estudios Ramón Areces ;  |a San Francisco, EUA :  |b Berrett-Koehler,  |c 2001, c2001 
300 |a 142 p. 
336 |a texto  |b txt  |2 rdacontenido 
337 |a sin mediación  |b n  |2 rdamedio 
338 |a volumen  |b nc  |2 rdasoporte 
440 1 |a (Club de Gestión) 
500 |a Traducción de: Ideaship. How to Get Ideas Flowing in Your Workplace 
520 |a Contenido: 1. ¿Qué es la ideación?; 2. ¿Cómo puedo llegar a ser "ideista"?: Ayude a las personas a tener un concepto mejor de ellos mismo; Ayude a crear un entorno divertido; 3. Dieciséis estrategias que, a nivel personal, usted puede simplificar: Siga la regla de oro; Interésese, mime a las personas con las que trabaja; Recuerde que ellos trabajan con usted, no para usted; Asegúrese de que cae bien y le aceptan; Asuma las culpas, atribúyales los elogios; Contrate solamente a personas que le gusten y le caigan bien; Confíe en ellos; Elogie sus esfuerzos; Déles la libertad de fracasar; Ayúdeles a conseguir sus metas; No les mienta nunca sobre algo importante; Demuestre y contagie entusiasmo; Pídales que le ayuden; Olvídese de la palabra "yo"; Haga cosas absurdas; Diviértase; 4. Siete cosas que usted puede hacer en su organización: Reduzca los vistos buenos, permisos y aprobaciones; Haga que todos se sientan propietarios; Déles lo que necesitan; Manténgalo reducido; Cuénteles todo sobre la empresa; Sáltese las reglas; Invierta en su formación; 5. Dieciocho estrategias que usted puede aplicar: No pida una única solución, pida varias, Haga que sus puestos de trabajo parezcan fáciles; No rechace ideas, pídales más; Asígneles más de un problema a la vez; Pídales más ideas, y pronto, rápido; Si no funciona, cámbielo; Déjeles actuar por su cuenta; Permítales hacerlo a su manera; Asegúrese de que el problema es el problema; Déjeles brillar con luz propia; Ojo a los miedos; Plantee siempre el Nosotros versus Ellos, nunca el Nosotros versus Nosotros; Comparta lo que cada uno aporta; Comparta experiencias; Busque maneras de crear un clima divertido; Insista en las vacaciones; Deje que tomen las vacaciones cuando quieran tomarlas; Olvídese de la eficiencia y, sobre todo, preocúpese de la idea; ¿Qué debe hacer a continuación?. 
649 |a XX 
650 |a Creatividad 
650 |a Competitividad 
650 |a Liderazgo 
650 |a Cambio Organizacional 
650 |a Exito Administrativo 
650 |a Motivación Laboral 
650 |a Cultura Organizacional 
650 |a Comunicación Organizacional 
650 |a Desarrollo Organizacional 
650 |a Planeación Estratégica 
650 |a Psicología Laboral 
650 |a Proceso Administrativo -  |x Dirección 
650 |a Administración 
650 |a Ciencias Administrativas 
910 |a Fondo General 
920 |a Impresos - Libros 
930 |a Colección General 
905 |a 101 
901 |a 0500116330  |b IT1  |c ACC  |u 20250521 
902 |a https://opac.biblio.iteso.mx/vufind/Record/000177770